000 00415cam a2200169ua 4500
020 _c50.00
041 _aeng
_h
082 _a581
_bARA/PI
100 _aArachi, J.X .
245 0 0 _aPictorial presentation of Indian flora /
_cJ.X.Arachi.
_hTextual Documents
260 _aMadras :
_bHiggin Bothams ,
_c1968.
300 _a190 ; .
365 _a50.00
504 _a
942 _cBK
999 _c12237
_d12237